third party US presidential candidates - Statistics

General Stats
  • This quiz has been taken 25 times
  • The average score is 16 of 30
Answer Stats
election political party Answer % Correct
1992 Independent Ross Perot
95%
1996 Reform Ross Perot
95%
1912 progressive (bull moose) Theodore Roosevelt
91%
1968 American Independent George C. Wallace
86%
1948 Progressive/american labor Henry Wallace
86%
2000 Green Ralph Nader
77%
1948 State's Rights (dixiecrat) Strom Thurmond
77%
1848 free soil Martin van buren
68%
1904 Socialist Eugene V. Debs
64%
1908 socialist Eugene V. Debs
64%
1912 socialist Eugene V. Debs
64%
1920 socialist Eugene V. Debs
64%
2016 Libertarian Gary Johnson
64%
1980 Independent John B. Anderson
59%
1856 american (know-nothing) Millard Fillmore
59%
1960 Democratic (unpledged) Harry F. Byrd
55%
1860 constitutional union John Bell
55%
1924 Progressive Robert La Follette
55%
1860 southern democrat John C. Breckinridge
50%
1880 greenback James B. Weaver
45%
1892 People's (populist) James B. Weaver
45%
1936 Union William Lemke
32%
1832 anti-masonic william wirt
32%
1932 socialist Norman Thomas
27%
1832 nullifier john floyd
18%
1844 liberty james G. Birney
14%
1892 Prohibition John Bidwell
14%
1852 free soil John P. Hale
14%
1888 Prohibition Clinton B. Fisk
5%
1916 socialist Allen L. Benson
0%
No matching quizzes found
Score Distribution
Percent of People with Each Score
Percentile by Number Answered
Your Score History
You have not taken this quiz